Špecifiká účtovania DPH v štátnej správe a samospráve

Účtovanie dane z pridanej hodnoty v štátnej správe a samospráve v prípade tuzemského prenosu daňovej povinnosti pri stavebných prácach a účtovanie DPH v prípade obstarania dlhodobého majetku formou finančného nájmu s právom kúpy prenajatej veci.

Na minha lista:
Detalhes bibliográficos
Autor principal: Hvojníková, Jana
Formato: Capítulo de Livro
Idioma:eslovaco
Assuntos:
Tags: Adicionar Tag
Sem tags, seja o primeiro a adicionar uma tag!

MARC

LEADER 00000naa a2200000 4500
001 0252091
005 20221104112912.2
041 0 |a slo 
044 |a SK 
245 1 0 |a Špecifiká účtovania DPH v štátnej správe a samospráve  |c Jana Hvojníková 
520 |a Účtovanie dane z pridanej hodnoty v štátnej správe a samospráve v prípade tuzemského prenosu daňovej povinnosti pri stavebných prácach a účtovanie DPH v prípade obstarania dlhodobého majetku formou finančného nájmu s právom kúpy prenajatej veci. 
610 2 0 |a Slovensko 
610 2 0 |a účtovanie 
610 2 0 |a dane z hodnoty pridanej 
610 2 0 |a správa štátna 
610 2 0 |a samospráva 
100 1 |a Hvojníková, Jana